| 000 | 01896cam a22005054i 4500 | ||
|---|---|---|---|
| 003 | PE-LiUPU | ||
| 005 | 20250731165549.0 | ||
| 008 | 150625s r 000 0 d | ||
| 035 | _a(Sirsi) a34344 | ||
| 035 | _a(Sirsi) a34344 | ||
| 040 |
_aPE-LiUPU _bspa _cPE-LiUPU _erda |
||
| 082 | 0 | 4 |
_a985.04 _bD _223 |
| 245 | 0 | 3 |
_aEl Perú en las Cortes de Cádiz : _nVolumen 2. / _cinvestigación, recopilación y prólogo por Guillermo Durand Flórez. |
| 264 | 1 |
_aLima : _bComisión del Sequicentenario de la Independencia del Perú, _c1974. |
|
| 300 |
_a539 páginas ; _c24 centímetros. |
||
| 336 |
_atext _2rdacontent |
||
| 337 |
_aunmediated _2rdamedia |
||
| 338 |
_avolume _2rdacarrier |
||
| 490 | 0 |
_aColección Documental de la Independencia del Perú ; _v4 |
|
| 505 | _a(Cartas, disposiciones, actas, expedientes, testamentos, juntas, juramentos, circulares, informes, etc.) | ||
| 526 | _aSEG44 | ||
| 526 | _aSEG26 | ||
| 526 | _aP151 | ||
| 526 | _aP150 | ||
| 526 | _aP149 | ||
| 526 | _aP146 | ||
| 526 | _aP145 | ||
| 526 | _aP126 | ||
| 526 | _aP125 | ||
| 526 | _aP92 | ||
| 526 | _aP75 | ||
| 526 | _aP74 | ||
| 526 | _aP27 | ||
| 526 | _aP15 | ||
| 651 | _aEspaña. Cortes de Cádiz | ||
| 651 |
_aPerú _xHistoria _yEmancipación, 1808-1824 _vDocumentos |
||
| 651 |
_aEspaña _xHistoria _yGuerra de la Independencia, 1808-1814 _vDocumentos |
||
| 651 |
_aEspaña _xHistoria _yCortes de Cádiz, 1812 _vDocumentos. |
||
| 700 | 1 |
_aDurand Flórez, Guillermo, _d1915-1986, _erecop. |
|
| 710 | 2 | _a.Comisión Nacional del Sesquicentenario de la Independencia del Perú | |
| 942 |
_2ddc _cBK |
||
| 949 |
_aRC 985.04 D 4 / 2 _wDEWEY _c1 _i16988 _lRC _mBUL _r0 _sY _tBOOK _u2015-6-25 _xBIBLIOTECA _zUNKNOWN _0COMPRA _o.CIRCNOTE. No olvidar cambiar la fecha de devolución!!!!!!! _o.STAFF. Colección General |
||
| 999 |
_c42190 _d42190 |
||
| 980 |
_81 _gALBERTO SANCHEZ Responsable de Automatización |
||